| 000 | 00607nam a2200217 a 4500 | ||
|---|---|---|---|
| 003 | MX-MxUPN | ||
| 005 | 20250319063745.0 | ||
| 008 | 250318s2008 cn |||||r|||| 000 0 eng d | ||
| 020 | _a9789291890521 | ||
| 040 |
_aMX-MxUPN _bspa _cMX-MxUPN |
||
| 041 | 0 | _aeng | |
| 050 | 1 | 4 |
_aAZ361 _bU54 2008 |
| 245 | 0 | 4 |
_aThe 2009 UNESCO framework for cultural statistics : _bdraft |
| 250 | _aFirst edition. | ||
| 260 |
_aMontreal, Quebec : _bUNESCO, _c2008 |
||
| 300 | _a87 páginas | ||
| 650 | 4 |
_aVida intelectual _92690 |
|
| 650 | 4 |
_aCultura popular _912743 |
|
| 902 | _aVíctor Ruiz/180325 | ||
| 942 |
_2lcc _cLIBRO |
||
| 999 |
_c212867 _d212867 |
||